000 00558nam a2200229Ia 4500
003 OSt
005 20220924144230.0
006 a|||||r|||| 00| 0
007 ta
008 220923b |||||||| |||| 00| 0 urd d
024 _a312904
037 _cTextual
040 _aARTS
_cARTS
_burd
041 _2urd
_aurd
082 _aO168,1M66x, H1
100 _aDehalvi Kaifi
_9217258
245 0 _aWardaat
260 _c1941
650 _aURDU POETRY
942 _hO168,1M66x, H1
_cTEXL
_2CC
999 _c456458
_d456458